000 00431nam a2200181Ia 4500
001 10705
005 20260306161852.0
008 260306t1982||||xx |||||||||||||| ||spa||
041 _aESP
082 _a946.082
_bF39
100 _aFernández Ordóñez, Francisco
_eAUT
245 0 _aPalabras en libertad
260 _c1982
300 _a269 páginas :
_c21 cm.
650 _aGEN
654 _aCHU
942 _cLIB
_dJUS
_fJUS
_2ddc
_n
999 _c10705
_d10705